[Event "TCh-TUR 2014"]
[Site "Konya TUR"]
[Date "2014.06.25"]
[Round "4.4"]
[White "Semenova, Elena1"]
[Black "Yordanova, Svetla"]
[Result "1/2-1/2"]
[WhiteTitle "WIM"]
[BlackTitle "WIM"]
[WhiteElo "2215"]
[BlackElo "2101"]
[WhiteTeam "Burdur 90.Yil Spor Kulubu"]
[BlackTeam "Karaman Belediye Spor Kulubu"]
[WhiteFideId "24125148"]
[BlackFideId "2905108"]
[EventDate "2014.06.23"]

1. e4 g6 2. d4 Bg7 3. Nf3 c6 4. Bd3 d5 5. c3 dxe4 6. Bxe4 Nf6 7. Bd3 O-O 8. O-O
Nbd7 9. Nbd2 c5 10. Nb3 cxd4 11. Nfxd4 e5 12. Nb5 Nb6 13. Be2 Bd7 14. Be3 a6 15.
Nd6 Qc7 16. c4 Bc6 17. Qd2 Nc8 18. Nxc8 Raxc8 19. Rfd1 Rfe8 20. Qb4 Bf8 21. Qb6
Nd7 22. Na5 Be4 23. Qxc7 Rxc7 24. Rac1 b6 25. Nb3 a5 26. Nd2 Bc6 27. Nb1 f5 28.
f3 Bc5 29. Bxc5 bxc5 30. Nc3 Rb7 31. Rd6 Nb8 32. b3 Kf7 33. Rcd1 Re6 34. Rd8 Re8
35. Nb5 Ke7 36. R8d2 Rd7 37. Rxd7+ Nxd7 38. Kf2 a4 39. bxa4 Ra8 40. Nc3 Bxa4 41.
Nd5+ Kf7 42. Rb1 Bc6 43. Rb2 Ra3 44. Bd1 Nf8 45. Bb3 Ne6 46. Re2 Nd4 47. Rxe5
Ba4 48. Re7+ Kf8 49. Rc7 Bxb3 50. axb3 Ra2+ 51. Kf1 Nxb3 52. Nf6 Nd2+ 53. Kg1
Nxc4 1/2-1/2

[Event "TCh-TUR 2014"]
[Site "Konya TUR"]
[Date "2014.06.25"]
[Round "4.4"]
[White "Ererdem, Gani Eren"]
[Black "Bulduk, Ibrahim Ege"]
[Result "1-0"]
[WhiteElo "1905"]
[BlackElo "1833"]
[WhiteTeam "Karaman Belediye Spor Kulubu"]
[BlackTeam "Burdur 90.Yil Spor Kulubu"]
[WhiteFideId "6310915"]
[BlackFideId "6310621"]
[EventDate "2014.06.23"]

1. e4 c5 2. b3 Nf6 3. e5 Nd5 4. Bb2 e6 5. Nf3 a6 6. c4 Nc7 7. Bd3 Nc6 8. Nc3 Be7
9. Ne4 O-O 10. Qe2 Ne8 11. h4 h6 12. Nfg5 d5 13. exd6 Bxd6 14. Nxd6 Nxd6 15.
O-O-O b5 16. Bh7+ Kh8 17. Be4 Bb7 18. Qh5 Nd4 19. Bxb7 Nxb7 20. Nxf7+ Rxf7 21.
Qxf7 Na5 22. Rh3 Rb8 23. d3 Rb7 24. Qh5 Qd6 25. Re3 Nac6 26. Re4 e5 27. f4 exf4
28. Qd5 Qf6 29. Qxc5 Rd7 30. Bxd4 Nxd4 31. Qe5 Qxe5 32. Rxe5 f3 33. gxf3 Nxf3
34. Re4 Kh7 35. d4 1-0

[Event "TCh-TUR 2014"]
[Site "Konya TUR"]
[Date "2014.06.25"]
[Round "4.4"]
[White "Saba, Zafer Rabin"]
[Black "Ergene, Mertcan"]
[Result "1-0"]
[WhiteElo "1895"]
[BlackElo "1647"]
[WhiteTeam "Burdur 90.Yil Spor Kulubu"]
[BlackTeam "Karaman Belediye Spor Kulubu"]
[WhiteFideId "6329500"]
[BlackFideId "6342345"]
[EventDate "2014.06.23"]

1. d4 Nf6 2. Nf3 e6 3. g3 c5 4. Bg2 d5 5. c4 Nc6 6. O-O Qb6 7. dxc5 Qxc5 8. cxd5
Nxd5 9. a3 Be7 10. b4 Qb6 11. e4 Nf6 12. Nc3 a6 13. Be3 Qc7 14. Rc1 O-O 15. Qe2
Rd8 16. Na4 Nd7 17. Nd4 Nxd4 18. Bxd4 Qb8 19. e5 b5 20. Bxa8 Qxa8 21. Nb6 Nxb6
22. Bxb6 Rd5 23. Rfd1 Bb7 24. Bc5 Bd8 25. Qe3 Bc7 26. f4 Qd8 27. Qe2 h6 28. Kf2
Bb6 29. Rxd5 Bxd5 30. Bxb6 Qxb6+ 31. Qe3 Qb7 32. Qc5 Bc4 33. Rxc4 bxc4 34. Qxc4
a5 35. b5 Qb6+ 36. Kg2 Qe3 37. Qc8+ Kh7 38. Qc2+ Kg8 39. a4 g5 40. h3 gxf4 41.
gxf4 Qxf4 42. Qe2 Kf8 43. b6 Qxa4 44. b7 Qc6+ 45. Qf3 Qc2+ 46. Kg3 Qb2 47. Qe4
a4 48. Qc6 Qxe5+ 49. Kf3 Qf5+ 50. Ke2 Qe5+ 51. Kd3 Qf5+ 52. Kc4 Qf4+ 53. Kb5 Kg7
54. Qb6 Qe5+ 55. Kxa4 Qa1+ 56. Kb5 Qb2+ 57. Kc6 Qc2+ 58. Kd6 Qd3+ 59. Kc7 Qc3+
60. Qc6 Qa5+ 61. Kc8 1-0

[Event "TCh-TUR 2014"]
[Site "Konya TUR"]
[Date "2014.06.25"]
[Round "4.4"]
[White "Aluc, Bulut Evrim"]
[Black "Kahya, Gizem"]
[Result "0-1"]
[WhiteElo "1361"]
[BlackElo "1684"]
[WhiteTeam "Karaman Belediye Spor Kulubu"]
[BlackTeam "Burdur 90.Yil Spor Kulubu"]
[WhiteFideId "6364748"]
[BlackFideId "6336124"]
[EventDate "2014.06.23"]

1. d4 d5 2. c4 c6 3. Nc3 Nf6 4. Nf3 e6 5. Bg5 Be7 6. e3 Nbd7 7. Bd3 O-O 8. O-O
dxc4 9. Bxc4 c5 10. Rc1 a6 11. Bd3 b6 12. Re1 Bb7 13. Bb1 Nh5 14. Qd3 g6 15. Bh6
Re8 16. Ne4 Ndf6 17. Nxf6+ Nxf6 18. e4 cxd4 19. Nxd4 Bc5 20. Nb3 Qxd3 21. Bxd3
Bxf2+ 22. Kxf2 Ng4+ 23. Kg1 Nxh6 24. h3 Rac8 25. g4 Kg7 26. Nd2 Ng8 27. Nc4 Rc6
28. e5 Rec8 29. Be4 Rxc4 30. Rxc4 Rxc4 31. Bxb7 a5 32. Re2 Rc5 33. Kf2 Ne7 34.
a3 g5 35. b4 axb4 36. axb4 Rb5 37. Re4 Ng6 38. Bc6 Rxe5 39. Rxe5 Nxe5 40. b5 Kf6
41. Be4 h6 42. Ke3 Ke7 43. Kd4 Kd6 44. Bg2 Ng6 45. Bf1 Nf4 46. Ke4 f6 47. Kd4
Nd5 48. Bc4 e5+ 49. Ke4 Nc7 50. Kd3 Kc5 51. Bf7 Nxb5 52. Bg6 Nd4 53. Be4 b5 54.
Kc3 b4+ 55. Kb2 Kc4 56. Kc1 Kc3 57. Kb1 Ne2 58. Ka1 Nf4 0-1

[Event "TCh-TUR 2014"]
[Site "Konya TUR"]
[Date "2014.06.25"]
[Round "4.5"]
[White "Kuljasevic, Davorin"]
[Black "Zarkua, Davit"]
[Result "1/2-1/2"]
[WhiteTitle "GM"]
[BlackTitle "IM"]
[WhiteElo "2564"]
[BlackElo "2409"]
[WhiteTeam "Alapli Aktif Genclik Spor Kulubu"]
[BlackTeam "Karsiyaka Satranc Spor Kulubu"]
[WhiteFideId "14506661"]
[BlackFideId "13602292"]
[EventDate "2014.06.23"]

1. d4 d6 2. Nf3 Bg4 3. c4 Nd7 4. Nc3 e5 5. g3 c6 6. Bg2 Be7 7. O-O Qb6 8. d5
Ngf6 9. h3 Bxf3 10. exf3 O-O 11. b3 Rfe8 12. f4 Bf8 13. Be3 c5 14. Qc2 exf4 15.
Bxf4 a6 16. a4 g6 17. Bd2 Bg7 18. a5 Qc7 19. Na4 Nh5 20. Rae1 Bd4 1/2-1/2

[Event "TCh-TUR 2014"]
[Site "Konya TUR"]
[Date "2014.06.25"]
[Round "4.5"]
[White "Aghasiyev, Kamal"]
[Black "Swayams, Mishra"]
[Result "1/2-1/2"]
[WhiteTitle "IM"]
[BlackTitle "IM"]
[WhiteElo "2401"]
[BlackElo "2457"]
[WhiteTeam "Karsiyaka Satranc Spor Kulubu"]
[BlackTeam "Alapli Aktif Genclik Spor Kulubu"]
[WhiteFideId "13402854"]
[BlackFideId "5028183"]
[EventDate "2014.06.23"]

1. d4 Nf6 2. Nf3 b6 3. g3 Bb7 4. Bg2 g6 5. O-O Bg7 6. c4 O-O 7. Nc3 Ne4 8. Bd2
d6 9. Nxe4 Bxe4 10. Bc3 c6 11. Ne1 Bxg2 12. Nxg2 Qc8 13. e4 c5 14. d5 Bxc3 15.
bxc3 Qa6 16. Qe2 Nd7 17. f4 Rae8 18. Rad1 Rb8 19. e5 dxe5 20. fxe5 b5 21. Nf4
bxc4 22. e6 fxe6 23. d6 Rf7 24. Qxe6 Nf8 25. Qe5 exd6 26. Rxd6 Rb6 27. Rd8 Rbf6
28. Re1 Qxa2 29. Qxc5 Rf5 30. Qd4 g5 31. Qc5 R5f6 1/2-1/2

[Event "TCh-TUR 2014"]
[Site "Konya TUR"]
[Date "2014.06.25"]
[Round "4.5"]
[White "Zuhre, Kayra"]
[Black "Capan, Ozan"]
[Result "0-1"]
[WhiteElo "2034"]
[BlackElo "1927"]
[WhiteTeam "Alapli Aktif Genclik Spor Kulubu"]
[BlackTeam "Karsiyaka Satranc Spor Kulubu"]
[WhiteFideId "6305601"]
[BlackFideId "6308708"]
[EventDate "2014.06.23"]

1. e4 c5 2. d4 cxd4 3. c3 dxc3 4. Nxc3 Nc6 5. Nf3 e6 6. Bc4 Nf6 7. Qe2 Qc7 8.
O-O Ng4 9. Nb5 Qb8 10. h3 h5 11. g3 Nge5 12. Bf4 a6 13. Nc3 Bd6 14. Nxe5 Nxe5
15. Bb3 h4 16. Kg2 Ng6 17. Bxd6 Qxd6 18. Rad1 Qb8 19. Rd3 b5 20. Rfd1 Ra7 21.
Rd6 hxg3 22. fxg3 Ne5 23. Qf2 Rc7 24. Qf4 Ng6 25. Qg5 O-O 26. h4 Rc6 27. e5 Rc5
28. h5 Rxe5 29. Qg4 Ne7 30. h6 Ng6 31. Bc2 Kh7 32. hxg7 Kxg7 33. Qd4 f5 34. Re1
Qxd6 35. Qxd6 Rxe1 36. Kf2 Rh1 37. Bb3 Rfh8 38. Qc7 Rc1 39. Bxe6 Rh2+ 40. Ke3
Re1+ 41. Kd4 Rd2+ 42. Kc5 b4 43. Kxb4 Rxe6 44. Qxc8 Rxb2+ 45. Ka3 Rd2 46. Kb4
Ne7 47. Qc4 Nc6+ 48. Kc5 Ne5 49. Qh4 Rc6+ 50. Kb4 Rc4+ 51. Qxc4 Nxc4 52. Kxc4
Rg2 53. a4 Rxg3 0-1

[Event "TCh-TUR 2014"]
[Site "Konya TUR"]
[Date "2014.06.25"]
[Round "4.5"]
[White "Sen, Sezgin"]
[Black "Ozdemir, Serhan Berat"]
[Result "1-0"]
[WhiteElo "1832"]
[BlackElo "1597"]
[WhiteTeam "Karsiyaka Satranc Spor Kulubu"]
[BlackTeam "Alapli Aktif Genclik Spor Kulubu"]
[WhiteFideId "6331475"]
[BlackFideId "6374611"]
[EventDate "2014.06.23"]

1. e4 b6 2. d4 Bb7 3. Nc3 e6 4. Bf4 Bb4 5. Qg4 Nf6 6. Qxg7 Rg8 7. Qh6 Rg6 8. Qh3
Bxe4 9. Bd2 Bxc3 10. Qxc3 Bb7 11. f3 Nd5 12. Qd3 a5 13. O-O-O Nb4 14. Qe3 N8c6
15. a3 Nd5 16. Qf2 Qf6 17. Bd3 Rg7 18. Ne2 O-O-O 19. h4 Rdg8 20. Bg5 Rxg5 21.
hxg5 Qxg5+ 22. Kb1 Qxg2 23. Qxg2 Rxg2 24. Rxh7 f6 25. Rh8+ Nd8 26. Rdh1 c5 27.
Rf8 Kc7 28. dxc5 bxc5 29. c4 Ne7 30. Rxf6 Ndc6 31. Nf4 Rf2 32. Be4 a4 33. Nd3
Rd2 34. Nxc5 Kb6 35. Nxd7+ Rxd7 36. Rxe6 Kc7 37. Rh7 Ba6 38. Rhxe7 Nxe7 39. Rxa6
Rd6 40. Rxd6 Kxd6 41. Kc2 Kc5 42. Kc3 Nc8 43. f4 Nb6 44. Bd5 Nd7 45. Be4 Nb6 46.
Bd3 Nd7 47. f5 Nf6 48. Bc2 Kb6 49. Bxa4 Kc5 50. b4+ Kb6 51. Kd4 Kc7 52. Ke5 Ng4+
53. Ke6 Kd8 54. f6 Nxf6 55. Kxf6 Kc7 56. c5 Kc8 57. b5 Kb8 58. b6 Kb7 59. Bb5
Kc8 60. Ke7 Kb8 61. a4 1-0

[Event "TCh-TUR 2014"]
[Site "Konya TUR"]
[Date "2014.06.25"]
[Round "4.5"]
[White "Yalcin, Ozge"]
[Black "Nurlu, Selin"]
[Result "1-0"]
[WhiteElo "1824"]
[BlackElo "1575"]
[WhiteTeam "Alapli Aktif Genclik Spor Kulubu"]
[BlackTeam "Karsiyaka Satranc Spor Kulubu"]
[WhiteFideId "6313663"]
[BlackFideId "6308236"]
[EventDate "2014.06.23"]

1. d4 d5 2. Nf3 Nf6 3. e3 Bf5 4. c4 c6 5. Nc3 e6 6. a3 Be7 7. Be2 h6 8. Ne5 Nbd7
9. f4 Ne4 10. O-O Ndf6 11. c5 Qc7 12. Bd2 g5 13. Nxe4 Bxe4 14. Bd3 Rg8 15. Bxe4
dxe4 16. f5 Rg7 17. Ng4 Rh7 18. Nxf6+ Bxf6 19. fxe6 Qe7 20. exf7+ Rxf7 21. Qh5
Qf8 22. Rxf6 1-0

[Event "TCh-TUR 2014"]
[Site "Konya TUR"]
[Date "2014.06.25"]
[Round "4.5"]
[White "Kesgin, Halit Kaan"]
[Black "Eldemir, Goksu"]
[Result "1/2-1/2"]
[WhiteElo "1823"]
[BlackElo "1701"]
[WhiteTeam "Karsiyaka Satranc Spor Kulubu"]
[BlackTeam "Alapli Aktif Genclik Spor Kulubu"]
[WhiteFideId "6349137"]
[BlackFideId "6336728"]
[EventDate "2014.06.23"]

1. e4 c5 2. Nf3 d6 3. d4 cxd4 4. Nxd4 Nf6 5. f3 e5 6. Bb5+ Nbd7 7. Nf5 d5 8.
exd5 a6 9. Bxd7+ Qxd7 10. Ne3 b5 11. Nc3 Bb7 12. O-O b4 13. Ne4 Nxd5 14. Nxd5
Qxd5 15. Qe2 Be7 16. Be3 Rc8 17. Rfd1 Qe6 18. Rdc1 Bxe4 19. fxe4 Rc4 20. Qf3 O-O
21. c3 bxc3 22. Rxc3 Rxc3 23. bxc3 Rc8 24. Bd2 Rc4 25. Rb1 Qc8 26. Qd3 Rc6 27.
h3 h6 28. Kh2 Qe6 29. Rb8+ Kh7 30. Rb7 Rd6 31. Qe2 Rb6 32. Rxb6 Qxb6 33. Qc4 Qf2
34. Qd3 1/2-1/2

[Event "TCh-TUR 2014"]
[Site "Konya TUR"]
[Date "2014.06.25"]
[Round "4.5"]
[White "Salur, Ozgun"]
[Black "Tuna, Alp"]
[Result "1/2-1/2"]
[WhiteElo "1511"]
[BlackElo "1777"]
[WhiteTeam "Alapli Aktif Genclik Spor Kulubu"]
[BlackTeam "Karsiyaka Satranc Spor Kulubu"]
[WhiteFideId "6329560"]
[BlackFideId "6372910"]
[EventDate "2014.06.23"]

1. e4 c5 2. d4 cxd4 3. c3 d5 4. exd5 Qxd5 5. Nf3 Nf6 6. Nxd4 a6 7. c4 Qd6 8. Nc3
e5 9. Nf3 Qxd1+ 10. Kxd1 Bg4 11. Be2 Nc6 12. h3 O-O-O+ 13. Ke1 Bf5 14. Be3 Bb4
15. Rc1 Ne4 16. Bd2 Nxd2 17. Nxd2 Rd7 18. Bg4 Bxg4 19. hxg4 Bxc3 20. bxc3 Rhd8
21. Ne4 h6 22. c5 Kc7 23. Ke2 Ne7 24. Rb1 Nd5 25. g3 f6 26. Rb3 1/2-1/2

[Event "TCh-TUR 2014"]
[Site "Konya TUR"]
[Date "2014.06.25"]
[Round "4.5"]
[White "Celik, Akarsu Bengi"]
[Black "Akgul, Beyza"]
[Result "1-0"]
[WhiteElo "1418"]
[BlackElo "1553"]
[WhiteTeam "Karsiyaka Satranc Spor Kulubu"]
[BlackTeam "Alapli Aktif Genclik Spor Kulubu"]
[WhiteFideId "6348955"]
[BlackFideId "6325556"]
[EventDate "2014.06.23"]

1. e4 e6 2. d4 d5 3. e5 c5 4. c3 Qb6 5. Nf3 Bd7 6. Bd3 cxd4 7. cxd4 Bb4+ 8. Nc3
Ne7 9. a3 Bxc3+ 10. bxc3 Bb5 11. Rb1 a6 12. a4 Qc7 13. axb5 Qxc3+ 14. Qd2 Qc7
15. bxa6 bxa6 16. O-O O-O 17. Qg5 Ng6 18. Bxg6 fxg6 19. Ba3 Re8 20. Bd6 Qd7 21.
Rfc1 Nc6 22. Rb6 Rec8 23. Rcb1 Nd8 24. Qe7 Qxe7 25. Bxe7 Nc6 26. Bc5 h6 27. Kf1
a5 28. R1b3 g5 29. h3 Kf7 30. Rb7+ Kg6 31. g4 a4 32. Ra3 Ra6 33. Rb6 Ra5 34. Ke2
Rc7 35. Kd3 h5 36. Bd6 Rf7 37. Ke2 hxg4 38. hxg4 Nd8 39. Bb4 Ra8 40. Bd2 Rc7 41.
Nxg5 Rc4 42. Nf3 Nc6 43. Ke3 Ra7 44. Rc3 Na5 45. Rxe6+ Kf7 46. Ng5+ Kg8 47. Re8# 1-0

[Event "TCh-TUR 2014"]
[Site "Konya TUR"]
[Date "2014.06.26"]
[Round "5.1"]
[White "Volkov, Sergey"]
[Black "Fedorchuk, Sergey A."]
[Result "1-0"]
[WhiteTitle "GM"]
[BlackTitle "GM"]
[WhiteElo "2579"]
[BlackElo "2655"]
[WhiteTeam "Kocaeli Buyuksehir Belediyesi Kagit Spor"]
[BlackTeam "Kayseri Seker Spor Kulubu"]
[WhiteFideId "4122763"]
[BlackFideId "14102536"]
[EventDate "2014.06.23"]

1. d4 Nf6 2. c4 e6 3. Nc3 Bb4 4. f3 d5 5. a3 Bxc3+ 6. bxc3 c5 7. cxd5 Nxd5 8.
dxc5 Qa5 9. e4 Nf6 10. Be3 O-O 11. Kf2 Nfd7 12. Rb1 Rd8 13. Qb3 Qc7 14. Rd1 Rf8
15. Qc4 Ne5 16. Qd4 Nbc6 17. Qa4 Na5 18. Nh3 Nd7 19. Qd4 Nc6 20. Qd2 Qa5 21. c4
Qxa3 22. Nf4 Qa5 23. Qb2 Qc7 24. Be2 a5 25. Nd3 e5 26. Rd2 f5 27. exf5 Rxf5 28.
g3 Nf6 29. Kg2 e4 30. Nf4 Ne5 31. fxe4 Nxe4 32. Rd4 Qc6 33. Rd8+ Kf7 34. Nd5 Be6
35. Rxa8 Nxc4 36. Bxc4 Nd6 37. Ba2 Bxd5+ 38. Kg1 Nc4 39. Qd4 Nxe3 40. Qxe3 Bxa2
41. h4 Rf3 42. Qe5 Rf1+ 43. Kxf1 Qxh1+ 44. Kf2 Qh2+ 45. Ke1 Qg1+ 46. Kd2 Qf2+
47. Kc3 Qf3+ 48. Kb2 Qb3+ 49. Kc1 Qb1+ 50. Kd2 Qb4+ 51. Qc3 Qe4 52. Rxa5 Be6 53.
Ra3 Qg2+ 54. Kc1 Qf1+ 55. Kb2 Qb5+ 56. Kc2 Qe2+ 57. Qd2 Qc4+ 58. Rc3 Qe4+ 59.
Qd3 Qg2+ 60. Kc1 Bd5 61. Rc2 Qh1+ 62. Kb2 h6 63. Qf5+ Kg8 64. Rd2 1-0

[Event "TCh-TUR 2014"]
[Site "Konya TUR"]
[Date "2014.06.26"]
[Round "5.1"]
[White "Javakhishvili, Lela"]
[Black "Yeke, Serkan"]
[Result "1-0"]
[WhiteTitle "IM"]
[BlackTitle "FM"]
[WhiteElo "2474"]
[BlackElo "2235"]
[WhiteTeam "Kayseri Seker Spor Kulubu"]
[BlackTeam "Kocaeli Buyuksehir Belediyesi Kagit Spor"]
[WhiteFideId "13601458"]
[BlackFideId "6301142"]
[EventDate "2014.06.23"]

1. d4 d5 2. c4 c6 3. Nf3 Nf6 4. e3 Bf5 5. Nc3 e6 6. Nh4 Bg6 7. Be2 Nbd7 8. g3
dxc4 9. Nxg6 hxg6 10. Bxc4 Bd6 11. O-O O-O 12. Bb3 e5 13. Qc2 Kh8 14. Rd1 Qe7
15. dxe5 Nxe5 16. Kg2 Rad8 17. Bd2 Bc7 18. Ne4 Nd5 19. Qc5 Qd7 20. Bxd5 Qxd5 21.
Qxd5 Rxd5 22. Bc3 Rfd8 23. Rxd5 Rxd5 24. Bd4 a5 25. f4 Nc4 26. Rc1 Nd6 27. Nc3
Rh5 28. g4 Rh4 29. h3 f6 30. Bc5 g5 31. Bxd6 Bxd6 32. Ne4 Bc7 33. f5 Kg8 34. Rd1
Rh8 35. Rd7 Be5 36. Nc5 Kh7 37. Ne6 b5 38. Rxg7+ Kh6 39. b3 c5 40. Rb7 c4 41.
Rxb5 c3 42. Rc5 a4 43. bxa4 Rb8 44. Kf3 Rb2 45. Rc8 Kh7 46. Nf8+ Kg7 47. Nd7 Bd6
48. Rxc3 Rxa2 49. Rc6 Be7 50. Nb6 Bd8 51. Nd5 Rxa4 52. Rc8 Ba5 53. Ra8 Ra2 54.
Ra7+ Kf8 55. Nxf6 1-0

[Event "TCh-TUR 2014"]
[Site "Konya TUR"]
[Date "2014.06.26"]
[Round "5.1"]
[White "Ari, Zeki"]
[Black "Kanmazalp, Ogulcan"]
[Result "0-1"]
[WhiteTitle "FM"]
[BlackTitle "IM"]
[WhiteElo "2205"]
[BlackElo "2441"]
[WhiteTeam "Kocaeli Buyuksehir Belediyesi Kagit Spor"]
[BlackTeam "Kayseri Seker Spor Kulubu"]
[WhiteFideId "6300421"]
[BlackFideId "6304990"]
[EventDate "2014.06.23"]

1. d4 Nf6 2. Nc3 d5 3. Bf4 c6 4. Qd2 b5 5. f3 Nbd7 6. g4 e6 7. e4 b4 8. Na4 dxe4
9. g5 Nd5 10. fxe4 Nxf4 11. Qxf4 Qa5 12. b3 e5 13. Qf2 Be7 14. Bc4 O-O 15. Nf3
exd4 16. Qxd4 Bxg5 17. e5 Bh6 18. O-O Nb6 19. Bd3 Nxa4 20. bxa4 Be6 21. Qe4 Qc5+
22. Kg2 g6 23. Qh4 Bg7 24. Rae1 Bxa2 25. Ng5 Bd5+ 26. Be4 h6 27. Nf3 Rae8 28.
Rf2 a5 29. Qf4 Qc4 30. h4 Bxe4 31. Rxe4 Qe6 32. Rd4 Bxe5 33. Nxe5 Qxe5 34. Qxe5
Rxe5 35. Rc4 c5 0-1

[Event "TCh-TUR 2014"]
[Site "Konya TUR"]
[Date "2014.06.26"]
[Round "5.1"]
[White "Erdogdu, Mert"]
[Black "Ersahin, Bulent"]
[Result "1-0"]
[WhiteTitle "IM"]
[WhiteElo "2423"]
[BlackElo "2196"]
[WhiteTeam "Kayseri Seker Spor Kulubu"]
[BlackTeam "Kocaeli Buyuksehir Belediyesi Kagit Spor"]
[WhiteFideId "6301495"]
[BlackFideId "6302670"]
[EventDate "2014.06.23"]

1. c4 Nf6 2. Nc3 c5 3. g3 Nc6 4. Bg2 g6 5. Nf3 Bg7 6. O-O O-O 7. d3 Rb8 8. a3 a6
9. Rb1 b5 10. cxb5 axb5 11. b4 cxb4 12. axb4 Re8 13. h3 h6 14. Be3 d5 15. Nd4
Nxd4 16. Bxd4 e5 17. Ba7 Rb7 18. Bc5 Be6 19. Rc1 Qd7 20. Kh2 Rc7 21. e3 Rec8 22.
d4 exd4 23. exd4 Ne4 24. Qd3 Nxc3 25. Qxc3 Ra8 26. Ra1 Rcc8 27. Ra5 Rxa5 28.
bxa5 Qb7 29. Qb4 Bf6 30. Ra1 Ra8 31. Bf1 Bd7 32. Bb6 Qc6 33. Rb1 Qc2 34. Kg1 Bf5
35. Rb2 Qd1 36. Qd2 Qa1 37. Ra2 Qb1 38. Qb2 Qe4 39. Qxb5 Rc8 40. Re2 Qf3 41. Re3
Qd1 42. Re8+ Rxe8 43. Qxe8+ Kg7 44. Qe2 Qa1 45. g4 Bd7 46. Qd3 h5 47. gxh5 Bf5
48. Qe3 gxh5 49. a6 Bc8 50. Qg3+ Kh6 51. Qd3 Bh4 52. Bc5 Kg7 53. a7 Qa2 54. Qf3
Bb7 55. Kg2 Bc8 56. Qf4 Bf6 57. Qg3+ Kh6 58. Bd3 Qa1 59. Bf8+ 1-0

[Event "TCh-TUR 2014"]
[Site "Konya TUR"]
[Date "2014.06.26"]
[Round "5.1"]
[White "Nikolova, Adriana"]
[Black "Atalik, Ekaterina"]
[Result "1/2-1/2"]
[WhiteTitle "WGM"]
[BlackTitle "IM"]
[WhiteElo "2303"]
[BlackElo "2433"]
[WhiteTeam "Kocaeli Buyuksehir Belediyesi Kagit Spor"]
[BlackTeam "Kayseri Seker Spor Kulubu"]
[WhiteFideId "2908689"]
[BlackFideId "4130189"]
[EventDate "2014.06.23"]

1. e4 e6 2. d4 d5 3. Nd2 c5 4. Ngf3 cxd4 5. exd5 Qxd5 6. Bc4 Qd8 7. Nb3 Nc6 8.
O-O a6 9. Bf4 Bd6 10. Bxd6 Qxd6 11. Nbxd4 Nxd4 12. Nxd4 Qc7 13. Qg4 Ne7 14. Bb3
O-O 15. Rfe1 Ng6 16. Nf3 Qf4 17. Qxf4 Nxf4 18. Rad1 b5 19. Rd4 Ng6 20. h4 Ra7
21. h5 Ne7 22. Ne5 Rc7 23. Red1 Re8 24. Rd8 Kf8 25. Nd7+ Bxd7 26. R1xd7 Rxd7 27.
Rxd7 Nc8 28. a4 bxa4 29. Bxa4 Nb6 30. Rd4 Rc8 31. c3 a5 32. Bb5 Ke7 33. Rg4 g6
34. hxg6 hxg6 35. Kf1 Rc5 36. Bd3 Kd6 37. Ke2 Nd7 38. Rd4+ Rd5 39. Rxd5+ exd5
40. Bb5 Nc5 41. Be8 Ke7 42. Bc6 Kd6 43. Be8 Ke5 1/2-1/2

[Event "TCh-TUR 2014"]
[Site "Konya TUR"]
[Date "2014.06.26"]
[Round "5.1"]
[White "Aksakal, Boran"]
[Black "Gundogan, Cem"]
[Result "0-1"]
[WhiteElo "1622"]
[BlackElo "2054"]
[WhiteTeam "Kayseri Seker Spor Kulubu"]
[BlackTeam "Kocaeli Buyuksehir Belediyesi Kagit Spor"]
[WhiteFideId "6366511"]
[BlackFideId "6311032"]
[EventDate "2014.06.23"]

1. e4 c5 2. Nf3 e6 3. d3 Nc6 4. g3 g6 5. Bg2 Bg7 6. O-O d6 7. c3 Nge7 8. Re1 O-O
9. Bf4 e5 10. Be3 h6 11. d4 b6 12. dxe5 dxe5 13. Na3 Be6 14. Qa4 a6 15. Rad1 Qc7
16. Qc2 c4 17. Nd2 b5 18. f4 Kh7 19. Nf3 f5 20. fxe5 b4 21. Nb1 b3 22. axb3 cxb3
23. Qc1 fxe4 24. Nd4 Bg4 25. Rd2 Qxe5 26. Bf4 Qc5 27. Bxe4 Nd5 28. Kh1 Nxf4 29.
gxf4 Nxd4 30. cxd4 Qxc1 31. Rxc1 Rad8 32. Rc6 Rxf4 33. Bxg6+ Kh8 34. Rxa6 Bf3+
35. Kg1 Bxd4+ 36. Kf1 Bb7+ 0-1

[Event "TCh-TUR 2014"]
[Site "Konya TUR"]
[Date "2014.06.26"]
[Round "5.1"]
[White "Kilic, Efe Mert"]
[Black "Yazici, Ugur Doga"]
[Result "1-0"]
[WhiteElo "1859"]
[BlackElo "1693"]
[WhiteTeam "Kocaeli Buyuksehir Belediyesi Kagit Spor"]
[BlackTeam "Kayseri Seker Spor Kulubu"]
[WhiteFideId "6354327"]
[BlackFideId "6363342"]
[EventDate "2014.06.23"]

1. e4 e5 2. f4 Bc5 3. Nf3 d6 4. Bc4 Nc6 5. h3 Nf6 6. Nc3 a6 7. d3 O-O 8. f5 Na5
9. Bb3 Nxb3 10. axb3 Re8 11. Bg5 c6 12. Qe2 b5 13. O-O-O h6 14. Bh4 Qb6 15. Bxf6
gxf6 16. g4 a5 17. h4 a4 18. g5 axb3 19. cxb3 Ra1+ 20. Kc2 Rxd1 21. gxf6 Rd2+
22. Kxd2 Kh8 23. Ng5 Kg8 24. Qh5 Be3+ 25. Ke2 1-0

[Event "TCh-TUR 2014"]
[Site "Konya TUR"]
[Date "2014.06.26"]
[Round "5.1"]
[White "Aksoy, Ayca"]
[Black "Gundogan, Sinem Cagla"]
[Result "1-0"]
[WhiteElo "1771"]
[BlackElo "1770"]
[WhiteTeam "Kayseri Seker Spor Kulubu"]
[BlackTeam "Kocaeli Buyuksehir Belediyesi Kagit Spor"]
[WhiteFideId "6355978"]
[BlackFideId "6325378"]
[EventDate "2014.06.23"]

1. Nf3 Nf6 2. d4 d5 3. c4 e6 4. Nc3 Be7 5. Bg5 Nbd7 6. cxd5 exd5 7. e3 c6 8. Bd3
O-O 9. Qc2 h6 10. Bh4 Re8 11. O-O Ne4 12. Bxe7 Qxe7 13. Rab1 Ndf6 14. b4 h5 15.
b5 Ng4 16. Rbe1 h4 17. bxc6 bxc6 18. h3 Nh6 19. Ne5 Qg5 20. Nxe4 dxe4 21. Bxe4
Bxh3 22. f4 Qg3 23. Qf2 Qxf2+ 24. Rxf2 Bd7 25. Bf3 Rxe5 26. fxe5 Rc8 27. Rc2 Nf5
28. Kf2 Kf8 29. Rec1 Ne7 30. Rb2 Be6 31. e4 f6 32. exf6 gxf6 33. a3 Ke8 34. Rb7
a5 35. Ra7 Rb8 36. Rxa5 Rb2+ 37. Kg1 Kd7 38. Ra7+ Kd6 39. e5+ 1-0

[Event "TCh-TUR 2014"]
[Site "Konya TUR"]
[Date "2014.06.26"]
[Round "5.2"]
[White "Abasov, Nijat"]
[Black "Mammadov, Zaur"]
[Result "1/2-1/2"]
[WhiteTitle "GM"]
[BlackTitle "IM"]
[WhiteElo "2531"]
[BlackElo "2459"]
[WhiteTeam "Callica Genclik Ve Spor Kulubu"]
[BlackTeam "Burdur 90.Yil Spor Kulubu"]
[WhiteFideId "13402960"]
[BlackFideId "13401033"]
[EventDate "2014.06.23"]

1. d4 d5 2. c4 e5 3. dxe5 d4 4. Nf3 Nc6 5. g3 Nge7 6. Nbd2 Ng6 7. Qb3 Be7 8. Bg2
O-O 9. O-O Ngxe5 10. Nxe5 Nxe5 11. Nf3 Nxf3+ 12. Bxf3 Bf6 13. Rd1 Qe7 14. e3 c5
15. exd4 Bxd4 16. Be3 Bxe3 17. Qxe3 Qxe3 18. fxe3 Rb8 19. Rd2 b6 20. Rad1 Be6
21. b3 g6 22. Kf2 Kg7 23. h4 Rbe8 24. Rd6 Re7 25. R1d2 Rc8 26. Bc6 Rcc7 27. Kf3
Bc8 28. e4 h5 29. R2d5 f6 30. Kf4 Be6 31. Rd2 Bc8 32. R2d5 Be6 33. Rd2 Bc8 34.
a3 Be6 35. Bd5 Bg4 36. Bc6 Be6 37. R2d3 Bh3 38. Rd2 Be6 39. Bd5 1/2-1/2